000 00290nam a2200121Ia 4500
008 240731s9999 xx 000 0 und d
022 _a2473-0599
245 0 _aIndian Law Review
260 _bRoutledge
856 _uhttps://www.tandfonline.com/loi/rilw20
942 _2ddc
942 _cTFEJ
999 _c76939
_d76939
945 _a1
_bMadushi Gamage
_c1
_dMadushi Gamage